| 000 | 00651nam a2200205Ia 4500 | ||
|---|---|---|---|
| 008 | 160319s9999 xx 000 0 und d | ||
| 245 | _a Subtraction / | ||
| 245 | _cJordan Publishing & Jordan Music Productions Inc. | ||
| 260 | _bSara Jordan Publishing & Jordan Music Productions Inc. | ||
| 260 | _c2005 | ||
| 300 | _a1 audio disc : | ||
| 300 | _bsound., color ; | ||
| 300 | _c4 3/4 in. | ||
| 440 | _aSing, count & learn math. | ||
| 650 | _aMathematics -- | ||
| 650 | _aMathematics -- Study and teaching -- Audio-visual aids. | ||
| 650 | _aSubtraction -- | ||
| 650 | _xJuvenile literature. | ||
| 650 | _xStudy and teaching (Primary) | ||
| 999 |
_c292436 _d292436 |
||